00476nam a2200085Ia 4500008004100000245002200041300024900063650002800312856005000340170517s9999 xx 000 0 und d 4aThe Tax Free Tour aWhere do multinationals pay taxes and how much? Gaining insight from international tax experts, Backlight director Marije Meerman (the maker of Quants: The Alchemists of Wall Street and Money and Speed: Inside the Black Box), takes a look at... xBusiness and Economics. uhttp://topdocumentaryfilms.com/tax-free-tour/